000 01095nam0a2200325 4500
001 RU\NLR\BIBL_A\022668061
005 20260406044342.0
010 _a978-5-389-29790-6
_93000
035 _a(NLR Aleph) 022668061
090 _a13539535
_c13539535
100 _a20251118d2025 u y0rusy50 ca
101 1 _arus
_cfre
102 _aRU
105 _ay z 000ay
181 0 _ai
_baxxe
182 0 _an
200 1 _aВсе люди смертны
_e[роман]
_fСимона де Бовуар
203 _aТекст
_bвизуальный
_cнепосредственный
210 _aСанкт-Петербург
_cАзбука
_d2025
215 _a477 с.
_d22
225 1 _aБольшой роман
320 _aДругие кн. авт. на задней сторонке пер.
333 _a16+
686 1 _aШ6(4Фр)67-440.4{Лх1649-50}
700 1 _7ca
_8rus
_aБовуар
_bС. де
_f1908-1986
_gСимона де
_3RU\NLR\AUTH\774234
_9114216
942 _cBOOK
980 _aNB